zpět

Detail výsledku týmu

KARLOS bar - Běchovice, Praha

Datum a čas kvízu

22 Celkem bodů Celkový počet nahraných bodů na tomto kvízu bez doplňovacích otázek.
5. Pořadí na kvízu Konečné umístění týmu na tomto kvízu.

Zaznamenané odpovědi

# Otázka Odpověď Body Výsledky
1. Praha plánuje přejmenovat námě... Boris Němcov 1
2. Když policejní oddělení v Seve... Sauron 0
3. V Praze se minulý týden konal... Comic Con 0
4. Svět mobilních telefonů minulý... Blackberry 0
5. V úterý se konalo finále hokej... (Mountfield HK) Hradec Králové, Frölunda (HC Indians) 1
6. Další díl naší cesty kolem svě... Ohio, Oklahoma, Oregon 0.5
7. Tento americký generál a indiá... George Custer, Sedící býk (Sitting Bull) 0
8. Fakt, že se ve Spojených státe... 1C 2B 3A 4D 1
9. Která řeka "vyřezala" do kraji... A 1
10. Ze Spojených států pochází nep... Katy Perry 1